Kyle finds her way / (Record no. 2828)

MARC details
000 -LEADER
fixed length control field 01690cam a2200457 i 4500
005 - DATE AND TIME OF LATEST TRANSACTION
control field 20240116141313.0
020 ## - INTERNATIONAL STANDARD BOOK NUMBER
International Standard Book Number 9780545852661 (hardcover : alk. paper)
020 ## - INTERNATIONAL STANDARD BOOK NUMBER
Canceled/invalid ISBN 9780545852692 (ebook)
020 ## - INTERNATIONAL STANDARD BOOK NUMBER
Canceled/invalid ISBN 9781338148077
040 ## - CATALOGING SOURCE
Original cataloging agency NJQ/DLC
Language of cataloging eng
Transcribing agency NJQ
Description conventions rda
Modifying agency DLC
050 00 - LIBRARY OF CONGRESS CALL NUMBER
Classification number PZ7.1.S253
Item number Ky 2016
082 04 - DEWEY DECIMAL CLASSIFICATION NUMBER
Classification number 813.6
-- Fic
Edition number 23
100 1# - MAIN ENTRY--PERSONAL NAME
Personal name Salom, Susie
Relator term author.
245 10 - TITLE STATEMENT
Title Kyle finds her way /
Statement of responsibility, etc. Susie Salom
250 ## - EDITION STATEMENT
Edition statement First printing 2016
260 ## - PUBLICATION, DISTRIBUTION, ETC.
Place of publication, distribution, etc. New York :
Name of publisher, distributor, etc. Scholastic,
Date of publication, distribution, etc. 2016
300 ## - PHYSICAL DESCRIPTION
Extent 248 pages ;
Dimensions 20 cm
505 ## - FORMATTED CONTENTS NOTE
Formatted contents note M
520 ## - SUMMARY, ETC.
Summary, etc. On her first day in sixth grade Kyle Constantini punches a bully who is bothering Marcy, a deaf classmate--and so begins her tumultuous year at Georgia O'Keeffe Middle School, in a different school than her twin brother, with new friends, new enemies, and the regional NAVS competition to come.
521 ## - TARGET AUDIENCE NOTE
Target audience note 750
Source Lexile
521 ## - TARGET AUDIENCE NOTE
Target audience note M
Source Raz-Plus
650 #0 - SUBJECT ADDED ENTRY--TOPICAL TERM
Topical term or geographic name entry element Middle schools
Form subdivision Juvenile fiction.
650 #0 - SUBJECT ADDED ENTRY--TOPICAL TERM
Topical term or geographic name entry element Twins
Form subdivision Juvenile fiction.
650 #0 - SUBJECT ADDED ENTRY--TOPICAL TERM
Topical term or geographic name entry element Brothers and sisters
Form subdivision Juvenile fiction.
650 #0 - SUBJECT ADDED ENTRY--TOPICAL TERM
Topical term or geographic name entry element Friendship
Form subdivision Juvenile fiction.
650 #0 - SUBJECT ADDED ENTRY--TOPICAL TERM
Topical term or geographic name entry element Deaf children
Form subdivision Juvenile fiction.
650 #0 - SUBJECT ADDED ENTRY--TOPICAL TERM
Topical term or geographic name entry element Bullies
Form subdivision Juvenile fiction.
650 #0 - SUBJECT ADDED ENTRY--TOPICAL TERM
Topical term or geographic name entry element Orienteering
Form subdivision Juvenile fiction.
650 #1 - SUBJECT ADDED ENTRY--TOPICAL TERM
Topical term or geographic name entry element Middle schools
Form subdivision Fiction.
650 #1 - SUBJECT ADDED ENTRY--TOPICAL TERM
Topical term or geographic name entry element Schools
Form subdivision Fiction.
650 #1 - SUBJECT ADDED ENTRY--TOPICAL TERM
Topical term or geographic name entry element Twins
Form subdivision Fiction.
650 #1 - SUBJECT ADDED ENTRY--TOPICAL TERM
Topical term or geographic name entry element Siblings
Form subdivision Fiction.
650 #1 - SUBJECT ADDED ENTRY--TOPICAL TERM
Topical term or geographic name entry element Friendship
Form subdivision Fiction.
650 #1 - SUBJECT ADDED ENTRY--TOPICAL TERM
Topical term or geographic name entry element Deaf
Form subdivision Fiction.
650 #1 - SUBJECT ADDED ENTRY--TOPICAL TERM
Topical term or geographic name entry element People with disabilities
Form subdivision Fiction.
650 #1 - SUBJECT ADDED ENTRY--TOPICAL TERM
Topical term or geographic name entry element Bullies and bullying
Form subdivision Fiction.
650 #1 - SUBJECT ADDED ENTRY--TOPICAL TERM
Topical term or geographic name entry element Orienteering
Form subdivision Fiction.
906 ## - LOCAL DATA ELEMENT F, LDF (RLIN)
a 7
b cbc
c orignew
d 1
e ecip
f 20
g y-gencatlg
942 ## - ADDED ENTRY ELEMENTS (KOHA)
Source of classification or shelving scheme Dewey Decimal Classification
Koha item type Books
Suppress in OPAC No
999 ## -
-- 2828
-- 2828
Holdings
Withdrawn status Lost status Source of classification or shelving scheme Damaged status Not for loan Collection Home library Current library Shelving location Date acquired Total Checkouts Full call number Barcode Date last seen Date last checked out Price effective from Koha item type
    Dewey Decimal Classification     Juvenile Fiction Footprints International School Library Network Toul Kork Campus Footprints International School Library Network Toul Kork Campus   01/16/2024 2 SAL 813.6 PZ7.1.S253 FIS05587 04/08/2025 08/28/2024 01/16/2024 Books